Score 0/17 Timer 10:00
0 Plays Today
Hint Answer % Correct
Roof Thatcher, England, Sibling to another YouTuberJoe Sugg
88.7%
Beauty, ThatcherJoe's sisterZoe Sugg
87.5%
HELLOOO!/BYEEEE!Marcus Butler
83.8%
Lives in Brighton, 'What's up Guys?'Alfie Deyes
79.3%
Baby Glitter's MumLouise
70.5%
Loves One Direction, Twerks like a boss, His Queen is Lady GagaTyler Oakley
67.5%
Makeup, Hauls, Engaged to JimTanya Burr
59.7%
Oh my goodness gracionious, eggyanyasJoey Graceffa
57%
Funny, Australian, Little, Let Zoella Wax HIs LegsTroye Sivan
56.6%
Hint Answer % Correct
Really Tall, Engaged to another Youtuber, Loves Spiderman, Great ArtistJim Chapman
53.3%
Loves Joey GraceffaShane Dawson
39.6%
'Hello, my name is_ _', 'I'm a ****'Caspar Lee
36.9%
'5 Minutes of Your Life That You Won't Get Back'TwinsJack and Finn Harries
33.1%
Dreads, Eats gross things, daily vlogsLouis Cole
28.3%
Pranks, Interviews, Old Man Prank, TattoosSam Pepper
22.6%
'Gangster ass rapper', Hitch, Short films, Thru My EyesSawyer Hartman
21.8%
Really tall, Ireland, Proposed to his girlfriend infront of the Eiffel TowerBryBri
7.6%

You're not logged in!

Compare scores with friends on all Sporcle quizzes.
OR
Log In

Sporcle TV

Today on Sporcle TV


Watch our educational content, quiz creation guides, and fun videos on Sporcle TV.

Show Comments

Extras

Top Quizzes Today


Score Distribution

Paid Content

Your Account Isn't Verified!

In order to create a playlist on Sporcle, you need to verify the email address you used during registration. Go to your Sporcle Settings to finish the process.

Report this User

Report this user for behavior that violates our Community Guidelines.

Details: